| 000 | 01499nam a2200253 i 4500 | ||
|---|---|---|---|
| 001 | 153200 | ||
| 003 | ES-MaACL | ||
| 005 | 20251003165202.0 | ||
| 008 | 050721q1874 fr |||| | fre d | ||
| 110 | 2 |
_aColonie agricole et pénitentiaire de Mettray. _9167004 |
|
| 245 | 1 | 0 |
_aColonie agricole et pénitentiaire de Mettray fondée par MM. Demetz et de Courteiiles en 1839 _b: Assemblée générale des fondateurs : trente-quatrième année. |
| 260 |
_aParis : _bau Bureau de l'Agence Générale, _c[1874] |
||
| 300 |
_a63, 29, 7 p. ; _c21 cm. |
||
| 505 | 8 | _aContiene: Liste générale des membres fondateurs de la Colonie de Mettray depuis sa fondation (29 p.) - Colonie de Mettray: Dons en nature, 1839-1873 (7 p.) | |
| 596 | _aSegún consta en el interior, la Asamblea tuvo lugar en 1873. | ||
| 650 | 4 |
_aReformatorios- _zFrancia. _9167005 |
|
| 700 | 1 |
_aDemetz, Frédéric Auguste, _d1796-1873 _9148483 |
|
| 852 |
_aES-MaACL _jD-221(4-5) _z- Enc. pasta española _z. - Donativo Lastres _z- Forma parte de la col. facticia: "Estudios penitenciarios" _9158769 |
||
| 852 | 1 |
_aBA _jD-237(5) _bR.M.214/4 _cSVI _dOlim: 193-F-11 _fSello en tinta en la portada de la primera obra: "Donativo del Sr. Lastres al Ateneo de Madrid 1907" _hDonación: Francisco Lastres y Juiz _xEncuadernado con otras obras formando un volumen facticio _9158768 |
|
| 903 |
_aLastres y Juiz, Francisco, _d1848-1918 _q1 _ednr _970504 |
||
| 942 |
_2udc _cFOLLETOS |
||
| 999 |
_c153200 _d153200 |
||